| 000 | 00495nam a2200181Ia 4500 | ||
|---|---|---|---|
| 999 |
_c8014 _d8014 |
||
| 003 | OSt | ||
| 005 | 20200122115713.0 | ||
| 008 | 190216s9999||||xx |||||||||||||| ||und|| | ||
| 020 | _a9788120312517 | ||
| 040 | _coclc | ||
| 082 |
_a658.7 _bDAT/M |
||
| 100 |
_aDatta, A K _91360 |
||
| 245 | 0 |
_aMaterials Management / _cA K Datta |
|
| 250 | _a2nd ed. | ||
| 260 |
_bPHI Learning Private Ltd, _c2012. _aDelhi: |
||
| 300 | _a404p | ||
| 942 |
_cBK _2ddc _h658.7 _iDAT/M _k658.7 _mDAT/M |
||